El mundo de los jóvenes: los jovenes del mundo
I tiakina i:
| Ngā kaituhi matua: | , |
|---|---|
| Hōputu: | Pukapuka |
| Reo: | Pāniora |
| I whakaputaina: |
Barcelona
Intermón
1996
|
| Ngā marau: | |
| Ngā Tūtohu: |
Tāpirihia he Tūtohu
Kāore He Tūtohu, Me noho koe te mea tuatahi ki te tūtohu i tēnei pūkete!
|
MARC
| LEADER | 00000nam a2200000 a 4500 | ||
|---|---|---|---|
| 001 | UCQ0113 | ||
| 003 | CL-VaPUC | ||
| 008 | 980619e19960000SP |||||||||||||||||spa|d | ||
| 082 | 0 | 4 | |a 372.89 |b COM |2 21 |
| 100 | 0 | |a Comas, Isabel |e author |9 413128 | |
| 700 | 0 | |a Rodríguez, Anabel |e author |9 413129 | |
| 245 | 1 | 3 | |a El mundo de los jóvenes: los jovenes del mundo |
| 300 | |a 2 v | ||
| 942 | |c BK | ||
| 945 | |d 19980619 00:00:00 |a mvenant | ||
| 260 | |a Barcelona |b Intermón |c 1996 | ||
| 500 | |a Comprende guía didáctica y cuaderno de trabajo | ||
| 650 | 0 | |a Jóvenes |9 326981 | |
| 650 | 0 | |a Aspectos sociales |9 254894 | |
| 650 | 0 | |a Derechos del niño |9 258728 | |
| 650 | 0 | |a Enseñanza de la historia |9 307330 | |
| 583 | |a last modification |c 19980619 00:00:00 |k Rodrigo Vera | ||
| 999 | |c 271267 |d 271265 | ||
| 952 | |0 0 |1 0 |4 0 |6 372_890000000000000_COM_1996 |7 0 |8 A |9 305869 |a BIBHIS |b BIBHIS |d 2019-11-20 |i 3432947 |o 372.89 COM 1996 |p 3432947 |r 2025-01-20 |w 2019-11-20 |y BK |k HIS | ||
| 952 | |0 0 |1 0 |4 0 |6 372_890000000000000_COM_1996 |7 0 |8 A |9 305870 |a BIBHIS |b BIBHIS |d 2019-11-20 |i 3432955 |o 372.89 COM 1996 |p 3432955 |r 2025-01-20 |w 2019-11-20 |y BK |k HIS | ||